Phantoms in the brain : (Record no. 7980)
[ view plain ]
| 000 -LEADER | |
|---|---|
| fixed length control field | 00751nam a2200193 4500 |
| 008 - FIXED-LENGTH DATA ELEMENTS--GENERAL INFORMATION | |
| fixed length control field | 171208b xxu||||| |||| 00| 0 eng d |
| 020 ## - INTERNATIONAL STANDARD BOOK NUMBER | |
| International Standard Book Number | 0688152473 |
| 082 ## - DEWEY DECIMAL CLASSIFICATION NUMBER | |
| Edition number | 1998 |
| Classification number | DC 612.82 |
| Item number | Ra14p |
| 100 ## - MAIN ENTRY--PERSONAL NAME | |
| 9 (RLIN) | 24556 |
| Personal name | Ramachandran, V. S., author. |
| 245 ## - TITLE STATEMENT | |
| Title | Phantoms in the brain : |
| Remainder of title | probing the mysteries of the human mind / |
| Statement of responsibility, etc. | V.S. Ramachandran, and Sandra Blakeslee. |
| 260 ## - PUBLICATION, DISTRIBUTION, ETC. (IMPRINT) | |
| Place of publication, distribution, etc. | New York : |
| Name of publisher, distributor, etc. | William Morrow, |
| Date of publication, distribution, etc. | ©1998. |
| 300 ## - PHYSICAL DESCRIPTION | |
| Extent | xix, 328 pages : |
| Other physical details | illustrations ; |
| Dimensions | 25 cm. |
| 500 ## - GENERAL NOTE | |
| General note | Includes bibliographical references and index. |
| 650 #0 - SUBJECT ADDED ENTRY--TOPICAL TERM | |
| 9 (RLIN) | 24558 |
| Topical term or geographic name as entry element | Neurology |
| General subdivision | Popular works. |
| 650 #0 - SUBJECT ADDED ENTRY--TOPICAL TERM | |
| 9 (RLIN) | 24559 |
| Topical term or geographic name as entry element | Brain |
| General subdivision | Popular works. |
| 650 #0 - SUBJECT ADDED ENTRY--TOPICAL TERM | |
| 9 (RLIN) | 24560 |
| Topical term or geographic name as entry element | Neurosciences |
| General subdivision | Popular works. |
| 700 ## - ADDED ENTRY--PERSONAL NAME | |
| 9 (RLIN) | 24557 |
| Personal name | Blakeslee, Sandra, author. |
| 942 ## - ADDED ENTRY ELEMENTS (KOHA) | |
| Source of classification or shelving scheme | Dewey Decimal Classification |
| Koha item type | Circulation |
| Withdrawn status | Lost status | Source of classification or shelving scheme | Damaged status | Not for loan | Collection code | Home library | Current library | Date acquired | Source of acquisition | Total Checkouts | Full call number | Barcode | Date last seen | Copy number | Price effective from | Koha item type |
|---|---|---|---|---|---|---|---|---|---|---|---|---|---|---|---|---|
| Dewey Decimal Classification | Circulation | UM Digos College - LIC | UM Digos College - LIC | 04/21/2006 | Purchased | DC 612.82 Ra14p 1998 | 18455 | 05/15/2025 | 12/08/2017 | Circulation |
